=LDR 00000nam 2200000 4500 =001 INLIS000000000012007 =005 20130612103544 =008 ***********************************Ind** =035 ##$$0010-061300000012007 =041 ##$$a Ind =082 ##$$a 664.06 =090 ##$$a 664.06, Win. b =100 ##$$a Winarno, F.G =245 ##$$a Bahan tambahan untuk Makanan dan kontaminan, F.G. Winarno, Titi Sulistyawati Rahayu =260 ##$$a 1994 $b Jakarta =300 ##$$a 343 hlm., ilus, 21 cm =650 ##$$a Makanan =700 ##$$a Rahayu, Titi Sulistyawati =850 ##$$a NBPNMAT